LEADER 01542nam 2200409 n 450 001 996390216703316 005 20221108024551.0 035 $a(CKB)1000000000648159 035 $a(EEBO)2240899159 035 $a(UnM)99855294 035 $a(EXLCZ)991000000000648159 100 $a19920825d1584 uy | 101 0 $aeng 135 $aurbn||||a|bb| 200 04$aThe arte of rhetorike$b[electronic resource] $efor the vse of all suche as are studious of eloquence, sette foorthe in Englishe, by Thomas Wilson. 1553 205 $aAnd now newly set forth againe, with a prologue to the reader. 1567. 210 $aImprinted at London $cBy Ihon Kingston$d1584 215 $a[16], 225, [11] p 300 $aRunning title reads: The arte of rhetorique. 300 $aIncludes "An epistle to perswade a yong gentleman to mariage, deuised by Erasmus", D4v-E8v, a translation of "Matrimonii encomium" (not the same as that in STC 10492). 300 $aIncludes index. 300 $aReproduction of the original in the Henry E. Huntington Library and Art Gallery. 330 $aeebo-0113 606 $aRhetoric$vEarly works to 1800 606 $aOratory$vEarly works to 1800 615 0$aRhetoric 615 0$aOratory 700 $aWilson$b Thomas$f1525?-1581.$0309803 701 $aErasmus$b Desiderius$fd. 1536.$0799747 801 0$bCu-RivES 801 1$bCu-RivES 801 2$bCStRLIN 801 2$bWaOLN 906 $aBOOK 912 $a996390216703316 996 $aThe arte of rhetorike$92302494 997 $aUNISA LEADER 02052nam 2200373 450 001 9910135893603321 005 20231207081144.0 010 $a0-7381-8780-1 035 $a(CKB)3780000000090059 035 $a(NjHacI)993780000000090059 035 $a(EXLCZ)993780000000090059 100 $a20231207d2013 uy 0 101 0 $aeng 135 $aur||||||||||| 181 $ctxt$2rdacontent 182 $cc$2rdamedia 183 $acr$2rdacarrier 200 10$aIEEE Std 1283-2013 (Revision of IEEE Std 1283-2004) - Redline $eIEEE guide for determining the effects of high-temperature operation on conductors, connectors, and accessories /$fIEEE 210 1$aNew York :$cIEEE,$d2013. 215 $a1 online resource (ix, 35 pages) 330 $aPossible adverse impacts to an operating overhead transmission line which might occur when operating the line at high temperatures are discussed. Specifically, the transmission line's conductor, connectors, and attached acce ssories in terms of degradation in mechanical properties due to annealing elastic and in-elastic elongation, and accelerated aging are exploredalong with limited mitigation recommendations. Additionally, predictor equations for accelerated creep and conductor loss of strength are detailed in annexes with limited example calculations. Keywords: accelerated aging, accelerated creep, annealing, conductor core, conductors, connectors, IEEE 1283. 517 $aIEEE Std 1283-2013 (Revision of IEEE Std 1283-2004) - Redline: IEEE Guide for Determining the Effects of High-Temperature Operation on Conductors, Connectors, and Accessories - Redline 517 $aIEEE Std 1283-2013 606 $aHigh temperatures 606 $aOverhead electric lines$xStandards 615 0$aHigh temperatures. 615 0$aOverhead electric lines$xStandards. 676 $a536.57 801 0$bNjHacI 801 1$bNjHacl 906 $aDOCUMENT 912 $a9910135893603321 996 $aIEEE Std 1283-2013 (Revision of IEEE Std 1283-2004) - Redline$92575220 997 $aUNINA